000 00532nam a2200181Ia 4500
008 090123s9999 xx 000 0 und d
082 _b2401
100 _aपायगांवकर सुमती
245 _aफेनाली
250 _a1
260 _bकेसरी मुद्रणालय
300 _a82
600 _aपायगांवकर सुमती
630 _aफेनाली
700 _aपायगांवकर सुमती
730 _aफेनाली
942 _cBOOK
999 _c40485
_d40485